El barangay : (Record no. 161534)
[ view plain ]
| 000 -LEADER | |
|---|---|
| campo de control de longitud fija | 01089nam a2200241 i 4500 |
| 001 - NÚMERO DE CONTROL | |
| campo de control | 161534 |
| 003 - IDENTIFICADOR DE NÚMERO DE CONTROL | |
| campo de control | ES-MaACL |
| 005 - FECHA Y HORA DE LA ÚLTIMA TRANSACCIÓN | |
| campo de control | 20240529062949.0 |
| 008 - DATOS DE LONGITUD FIJA--INFORMACIÓN GENERAL | |
| campo de control de longitud fija | 000720s1892 sp |||| | spa d |
| 040 ## - FUENTE DE CATALOGACIÓN | |
| Centro/agencia transcriptor | ES-MaACL |
| 100 1# - ENTRADA PRINCIPAL--NOMBRE DE PERSONA | |
| Nombre de persona | Paterno, Pedro Alejandro. |
| 9 (RLIN) | 130894 |
| Término indicativo de función/relación | Autor |
| 245 13 - MENCIÓN DEL TÍTULO | |
| Título | El barangay : |
| Resto del título | con la relación de Fr. Juan de Plasencia escrita en 1589 de cómo se gobernaban los tagalos en la antigüedad y una carta de D. Miguel Villalba Hervás / |
| Mención de responsabilidad, etc. | Paterno. |
| 260 ## - PUBLICACIÓN, DISTRIBUCIÓN, ETC. | |
| Lugar de publicación, distribución, etc. | Madrid : |
| Nombre del editor, distribuidor, etc. | [s.n.], |
| Fecha de publicación, distribución, etc. | 1892 |
| Fabricante | (Imp. de los Sucesores de Cuesta) |
| 300 ## - DESCRIPCIÓN FÍSICA | |
| Extensión | 122 páginas ; |
| Dimensiones | 19 cm. |
| 530 ## - NOTA DISPONIBLE DE FORMULARIO FÍSICO ADICIONAL | |
| Nota de formato físico adicional disponible | Disponible en formato digital |
| 650 #4 - PUNTO DE ACCESO ADICIONAL DE MATERIA--TÉRMINO DE MATERIA | |
| Término de materia o nombre geográfico como elemento de entrada | Tagalos (Pueblo filipino) |
| 9 (RLIN) | 155472 |
| 700 1# - ENTRADA AGREGADA--NOMBRE PERSONAL | |
| Nombre de persona | Villalba Hervás, Miguel. |
| 9 (RLIN) | 133735 |
| Término indicativo de función/relación | Autor |
| 852 ## - LOCALIZACIÓN | |
| Ubicación | ES-MaACL |
| Ubicación en estantería | Depósito folletos |
| Número de control de estantería | T-1093-F-1 |
| Encuadernación | Holandesa, conservando cub. original |
| -- | Enc. en un vol. facticio |
| 856 ## - LOCALIZACIÓN Y ACCESO ELECTRÓNICOS | |
| Identificador Uniforme de Recursos | <a href="https://bvpb.mcu.es/es/consulta/registro.do?id=577701">https://bvpb.mcu.es/es/consulta/registro.do?id=577701</a> |
| Texto de enlace | Versión en línea |
| Nota pública | (Biblioteca Virtual del Patrimonio Bibliográfico) |
| 942 ## - ELEMENTOS DE ENTRADA SECUNDARIOS (KOHA) | |
| Tipo de ítem Koha | Folleto |
| Suprimir en OPAC | No |
| Estatus retirado | Estado de pérdida | Fuente del sistema de clasificación o colocación | Estado de daño | No para préstamo | Colección | Biblioteca de origen | Biblioteca actual | Ubicación en estantería | Fecha de adquisición | Total de préstamos | Signatura topográfica completa | Código de barras | Visto por última vez | Precio de reemplazo | Tipo de ítem Koha |
|---|---|---|---|---|---|---|---|---|---|---|---|---|---|---|---|
| Clasificación decimal universal | Colección digital | Biblioteca del Ateneo de Madrid | Biblioteca del Ateneo de Madrid | Depósito folletos | 17/01/2008 | T-1093-F-1 | 1169204 | 23/02/2023 | 23/02/2023 | Folleto |
